Pevné rozhodnutie

Bibliographic Details
Main Author: Galambos, Lajos (Author)
Other Authors: Krošláková, Ivica, 1943- (gup)
Format: Article
Language:Slovak
Subjects:

MARC

LEADER 00000nab a2200000 a 4500
001 vtls000023599
003 SK-MaSNL
005 20260303031011.0
008 160211c1979 xo 0 slo
015 |a SNBRB19rr/mm-uuuuu 
035 |a CL0033693 
040 |a SNKBUCL  |b slo  |c SNKBUCL  |e AACR2 
041 0 |a slo 
044 |a xo  |c SK 
080 |a 894.511-3  |2 1981 
100 1 |a Galambos, Lajos  |4 aut  |9 936418 
245 1 0 |a Pevné rozhodnutie  |c Lajos Galambos ; Ivica Krošláková 
500 |a Prevzaté Magyar nemzeti 18/73, Budapešť. 
650 0 7 |a poviedky rodinné  |2 snkbucl  |9 900847 
650 0 7 |a rodina maďarská  |2 snkbucl  |9 1012790 
650 0 7 |a manželstvo  |2 snkbucl  |9 659 
650 0 7 |a etika manželská  |2 snkbucl  |9 944463 
655 7 |a články z novín a časopisov  |2 snkbucl  |9 267496 
655 7 |a články z odboru literárna veda a krásna literatúra  |2 snkbucl  |9 770045 
700 1 |a Krošláková, Ivica,  |d 1943-  |4 gup  |9 133094 
773 0 |t Express  |g Roč. 11, č. 6 (1979), s. 20 
850 |a Slovenská národná knižnica v Martine  |a MTA001 
852 |a SNK  |b KIS3GCP 
958 |a RK 
958 |a LX 
992 |a RBX 
999 |c 1655378  |d 1657308